Poesie. tomo 5 /
Guardado en:
| Formato: | Libro |
|---|---|
| Publicado: |
Paris :
Pierre Seghers,
1900
|
| Materias: | |
| Etiquetas: |
Agregar Etiqueta
Sin Etiquetas, Sea el primero en etiquetar este registro!
|
| LEADER | 00381nam a22001335a 4500 | ||
|---|---|---|---|
| 001 | EHU.bham009488 | ||
| 003 | AR-BHAM | ||
| 005 | 20100215140612.0 | ||
| 008 | 130507s1900##################000#0#####d | ||
| 082 | 8 | 4 | |a 841.9 |
| 245 | 0 | 0 | |a Poesie. tomo 5 / |
| 260 | |a Paris : |b Pierre Seghers, |c 1900 | ||
| 653 | |a Poesia francesa-1901- | ||
| 859 | |a AR-BHAM |b BIB. HUMANIDADES - General |h 841.9 |i P752 |p 1205.62 |t Ej.1 |v V |3 V | ||
